| 000 | 00976nac a22002171u 4500 | ||
|---|---|---|---|
| 010 | _a 00028962 | ||
| 020 | _a047149027X (alk. paper) | ||
| 082 | 0 | 0 |
_a621.38411 _bL3997 |
| 090 |
_c3985 _d3985 |
||
| 100 | _aLavergnat, Jacques. | ||
| 245 | 1 | 0 |
_aRadio wave propagation : _bprinciples and techniques / _cJacques Lavergnat, Michel Sylvain ; translated by John C.C. Nelson. |
| 260 |
_aChichester ; _aNew York : _bJohn Wiley,2000 _c2000. |
||
| 300 |
_axii, 292 p. : _bill. ; _c24 cm. |
||
| 504 | _aIncludes bibliographical references and index. | ||
| 650 | 0 | _aRadio wave propagation. | |
| 700 | 1 | _aSylvain, Michel. | |
| 856 | 4 | 2 |
_3Publisher description _uhttp://www.loc.gov/catdir/description/wiley035/00028962.html |
| 856 | 4 | 2 |
_3Table of Contents _uhttp://www.loc.gov/catdir/toc/onix07/00028962.html |
| 942 |
_cBB _k621.38411L3997 |
||
| 999 |
_c3985 _d3985 |
||